[Event "111063 12th Rakosmente Open"]
[Site "Budapest, Hungary"]
[Date "2015.04.17"]
[Round "1.1"]
[White "Darazs, Zoltan"]
[Black "Szoukup, Istvan"]
[Result "1-0"]
[WhiteElo "2179"]
[BlackElo "1714"]
[PlyCount "87"]
[EventDate "2015.??.??"]

1. e4 e5 2. f4 d5 3. exd5 exf4 4. Nf3 Bg4 5. Bb5+ c6 6. dxc6 bxc6 7. Bc4 Bxf3
8. Qxf3 Qh4+ 9. g3 Qe7+ 10. Kd1 Qc5 11. Qxf4 Nf6 12. Re1+ Be7 13. Qe5 Qxe5 14.
Rxe5 Nbd7 15. Re2 Nb6 16. Bb3 a5 17. a4 c5 18. Na3 Nbd5 19. d3 Rd8 20. Bd2 O-O
21. Bxa5 Rd7 22. Nc4 Re8 23. Kd2 Ng4 24. Rae1 Bg5+ 25. Kd1 Rde7 26. Bd2 Bxd2
27. Kxd2 Nxh2 28. Rxe7 Rxe7 29. Rxe7 Nxe7 30. Ne5 Nf1+ 31. Ke1 Nxg3 32. a5 Ngf5
33. a6 Nc8 34. Bxf7+ Kf8 35. Be6 Nfd6 36. Bxc8 Nxc8 37. Nd7+ Ke7 38. Nxc5 Kd6
39. b4 h5 40. c4 h4 41. Kf2 Ke5 42. b5 Nb6 43. Nd7+ Nxd7 44. a7 1-0

[Event "111063 12th Rakosmente Open"]
[Site "Budapest, Hungary"]
[Date "2015.04.17"]
[Round "1.2"]
[White "Timko, Gyula"]
[Black "Gubics, Peter"]
[Result "0-1"]
[WhiteElo "1625"]
[BlackElo "2107"]
[PlyCount "118"]
[EventDate "2015.??.??"]

1. d4 Nf6 2. Nf3 g6 3. Bg5 Bg7 4. Nbd2 O-O 5. e3 d6 6. h3 Nbd7 7. Bc4 c5 8. c3
b6 9. O-O Bb7 10. Re1 Rc8 11. Qe2 Rc7 12. a4 Ne4 13. Bh4 Ndf6 14. Bd3 Qa8 15.
Ba6 Bxa6 16. Qxa6 Bh6 17. Bxf6 Nxf6 18. Qd3 Rfc8 19. Nh2 Nd5 20. Qe4 cxd4 21.
Ng4 Bg7 22. exd4 h5 23. Ne3 Nxe3 24. Qxa8 Rxa8 25. Rxe3 Bh6 26. Re2 e6 27. Ne4
d5 28. Nd2 Bxd2 29. Rxd2 Rc4 30. f4 Kg7 31. h4 Kf6 32. Re2 a6 33. Kf2 Rcc8 34.
Kf3 Ke7 35. Rae1 Kd6 36. Ra1 b5 37. Ke3 Ke7 38. Kf3 Kf6 39. g3 Rcb8 40. b4 Rc8
41. Re3 Ke7 42. Kf2 Kd6 43. Kf3 Ke7 44. Kf2 Kf6 45. Kf3 Rab8 46. Kf2 Rc6 47.
axb5 Rxb5 48. Ke2 a5 49. Rxa5 Rxa5 50. bxa5 Ra6 51. Kf3 Rxa5 52. Re2 Ra3 53.
Rc2 Kf5 54. Kf2 Ke4 55. Re2+ Kd3 56. Re3+ Kc4 57. Kf3 Rxc3 58. Rxc3+ Kxc3 59.
Ke3 f6 0-1

[Event "111063 12th Rakosmente Open"]
[Site "Budapest, Hungary"]
[Date "2015.04.17"]
[Round "1.3"]
[White "Palla, Akos Botond"]
[Black "Olah, Laszlo Istvan"]
[Result "1-0"]
[WhiteElo "2076"]
[BlackElo "1616"]
[PlyCount "59"]
[EventDate "2015.??.??"]

1. e4 e5 2. Nf3 Nc6 3. Bb5 Nf6 4. O-O a6 5. Ba4 Be7 6. Re1 b5 7. Bb3 O-O 8. h3
Bb7 9. c3 d5 10. exd5 Nxd5 11. Nxe5 Nxe5 12. Rxe5 Nf4 13. d4 Nxg2 14. Qg4 Nh4
15. Re3 Bg5 16. f4 Bf6 17. Nd2 Re8 18. Nf1 Rxe3 19. Bxe3 Nf3+ 20. Kf2 Bh4+ 21.
Ke2 Qe7 22. d5 Ne1 23. Rxe1 Bxe1 24. Kxe1 Qe4 25. f5 Qb1+ 26. Kf2 Qxb2+ 27. Kg1
Re8 28. Bd4 g6 29. fxg6 hxg6 30. Qh4 1-0

[Event "111063 12th Rakosmente Open"]
[Site "Budapest, Hungary"]
[Date "2015.04.17"]
[Round "1.4"]
[White "Lakatos, Tamas"]
[Black "Yip, Michael"]
[Result "0-1"]
[WhiteElo "1615"]
[BlackElo "1990"]
[PlyCount "134"]
[EventDate "2015.??.??"]

1. e4 d5 2. exd5 Qxd5 3. d4 Nf6 4. Nc3 Qd6 5. Be2 c6 6. Be3 Bf5 7. Qd2 e6 8.
Nf3 Be7 9. a3 h6 10. Bf4 Qd8 11. h3 Nbd7 12. Bd3 Bxd3 13. Qxd3 a6 14. Rd1 O-O
15. O-O Nd5 16. Nxd5 cxd5 17. Ne5 Nf6 18. Qb3 b5 19. Nc6 Qd7 20. Nxe7+ Qxe7 21.
f3 Rfc8 22. Ra1 Rc4 23. Qd3 Rac8 24. c3 Nd7 25. Bd2 Nb6 26. b3 R4c6 27. Rfe1
Qd6 28. f4 f5 29. Re2 Kf7 30. Rae1 Re8 31. Bc1 Nd7 32. Ra2 Nf6 33. a4 Ne4 34.
Bd2 Nxd2 35. Qxd2 Rec8 36. axb5 axb5 37. Ra7+ R8c7 38. Rxc7+ Qxc7 39. Qe3 Qa5
40. b4 Qc7 41. Rc1 Ra6 42. Re1 Qc6 43. Rc1 Ra3 44. Qd2 Qc4 45. Rc2 Kf6 46. Kf2
g5 47. g3 Ra1 48. Rc1 Ra6 49. Qe2 Qxe2+ 50. Kxe2 Ra2+ 51. Kf3 Rh2 52. Re1 gxf4
53. Kxf4 Rxh3 54. Ra1 Rh2 55. Ra5 Rc2 56. Rxb5 Rxc3 57. Rb7 Rd3 58. b5 Rxd4+
59. Kf3 Rb4 60. b6 Ke5 61. Rb8 Rb3+ 62. Kf2 Ke4 63. b7 Rb2+ 64. Ke1 e5 65. Kd1
d4 66. Rh8 Rxb7 67. Rxh6 Kd3 0-1

[Event "111063 12th Rakosmente Open"]
[Site "Budapest, Hungary"]
[Date "2015.04.17"]
[Round "1.5"]
[White "Bolyai, Istvan"]
[Black "Geher, Koppany"]
[Result "1-0"]
[WhiteElo "1952"]
[BlackElo "1575"]
[PlyCount "105"]
[EventDate "2015.??.??"]

1. e4 e6 2. d4 d5 3. Nc3 Nf6 4. e5 Nfd7 5. g3 c5 6. f4 Nc6 7. Nf3 cxd4 8. Nxd4
Bc5 9. Nce2 Qb6 10. c3 O-O 11. Bh3 Ndb8 12. Rb1 Nxd4 13. Nxd4 Nc6 14. Be3 Nxd4
15. Bxd4 Bd7 16. O-O Rac8 17. Rf2 Bxd4 18. Qxd4 Qxd4 19. cxd4 Rc4 20. Rd2 Rfc8
21. Bf1 Rc2 22. Rbd1 h6 23. Bd3 Rc1 24. Rxc1 Rxc1+ 25. Kf2 a5 26. Rc2 Rxc2+ 27.
Bxc2 f6 28. Bg6 f5 29. Ke3 Kf8 30. Kd3 b5 31. Bh5 Ke7 32. Kc3 Be8 33. Be2 Kd8
34. g4 fxg4 35. Bxg4 Ke7 36. Kd3 g6 37. Ke3 Bf7 38. Be2 Be8 39. Kf3 g5 40. fxg5
Bh5+ 41. Ke3 Bxe2 42. gxh6 Bd3 43. Kxd3 Kf7 44. Ke3 Kg6 45. h7 Kxh7 46. Kf4 Kh6
47. Kg4 Kg6 48. h4 Kh6 49. h5 Kh7 50. Kg5 Kg7 51. h6+ Kf7 52. h7 Kg7 53. h8=Q+
1-0

[Event "111063 12th Rakosmente Open"]
[Site "Budapest, Hungary"]
[Date "2015.04.17"]
[Round "1.6"]
[White "Belencsak, Istvan"]
[Black "Sulcz, Istvan"]
[Result "0-1"]
[WhiteElo "1525"]
[BlackElo "1951"]
[PlyCount "90"]
[EventDate "2015.??.??"]

1. e4 c5 2. Nf3 Nc6 3. d4 cxd4 4. Nxd4 Nf6 5. Nc3 e5 6. Nxc6 bxc6 7. Bd3 Be7 8.
O-O O-O 9. f4 d6 10. f5 Ba6 11. Be3 Bxd3 12. cxd3 d5 13. Bf2 Qd7 14. Qf3 g6 15.
g4 gxf5 16. gxf5 Kh8 17. Kh1 dxe4 18. dxe4 Rg8 19. Rad1 Qc7 20. Rg1 Rad8 21.
Rxd8 Rxd8 22. Rg3 Qb7 23. Na4 c5 24. Nc3 c4 25. Nd5 Nxe4 26. Qxe4 Qxd5 27. Qxd5
Rxd5 28. Bxa7 Bf6 29. b3 Ra5 30. Be3 Rxa2 31. bxc4 Rc2 32. c5 h5 33. Rh3 h4 34.
Bg1 Kh7 35. Ra3 Kh6 36. Ra7 Kg5 37. Rxf7 Kxf5 38. h3 Ke6 39. Rb7 e4 40. Rb6+
Kf5 41. c6 Rc1 42. Rb5+ Ke6 43. Rc5 Rxg1+ 44. Kxg1 Bd4+ 45. Kf1 Bxc5 0-1

[Event "111063 12th Rakosmente Open"]
[Site "Budapest, Hungary"]
[Date "2015.04.17"]
[Round "1.7"]
[White "Mako, Zoltan"]
[Black "Vona, Zsolt"]
[Result "1-0"]
[WhiteElo "1888"]
[BlackElo "1294"]
[PlyCount "77"]
[EventDate "2015.??.??"]

1. e4 c5 2. Nf3 Nc6 3. Bb5 Nf6 4. e5 Ng4 5. Qe2 d6 6. O-O a6 7. Bxc6+ bxc6 8.
Nc3 Qc7 9. exd6 Qxd6 10. Ne4 Qd5 11. d3 e6 12. Nfg5 Nf6 13. Nxf6+ gxf6 14. Ne4
Bg7 15. c4 Qe5 16. f4 Qc7 17. f5 O-O 18. Bf4 Qa7 19. fxe6 Bxe6 20. Bd6 Rfe8 21.
Bxc5 Qd7 22. Rae1 Bf5 23. Qf3 Bg6 24. Nd6 Re5 25. d4 Re6 26. Rxe6 fxe6 27. d5
cxd5 28. cxd5 Rc8 29. Nxc8 Qxc8 30. b4 exd5 31. Qxd5+ Bf7 32. Qd2 Qc6 33. Qd8+
Qe8 34. Rd1 Bf8 35. Qxf6 Bxc5+ 36. bxc5 Qe3+ 37. Qf2 Qxf2+ 38. Kxf2 Bxa2 39. c6
1-0

[Event "111063 12th Rakosmente Open"]
[Site "Budapest, Hungary"]
[Date "2015.04.17"]
[Round "1.10"]
[White "Wallis, Janos"]
[Black "Geher, Laszlo"]
[Result "0-1"]
[WhiteElo "1355"]
[BlackElo "1877"]
[PlyCount "58"]
[EventDate "2015.??.??"]

1. e4 d6 2. d4 Nf6 3. Nc3 g6 4. f4 Bg7 5. Nf3 O-O 6. Bc4 Nxe4 7. Nxe4 d5 8. Bd3
dxe4 9. Bxe4 c5 10. Be3 Qa5+ 11. Bd2 Qc7 12. Qe2 cxd4 13. O-O-O Nc6 14. Qd3 Bg4
15. h3 Bxf3 16. gxf3 Rac8 17. f5 Ne5 18. Qb3 Qc4 19. f4 d3 20. Qxc4 Rxc4 21.
fxg6 Rxc2+ 22. Kb1 Nxg6 23. Bc3 Bxc3 24. bxc3 Rxc3 25. Rxd3 Rxd3 26. Bxd3 Nxf4
27. Rg1+ Kh8 28. Be4 Nxh3 29. Rh1 Ng5 0-1

[Event "111063 12th Rakosmente Open"]
[Site "Budapest, Hungary"]
[Date "2015.04.17"]
[Round "1.8"]
[White "Geher, Bottyan"]
[Black "Balla, Attila"]
[Result "0-1"]
[WhiteElo "1084"]
[BlackElo "1817"]
[PlyCount "66"]
[EventDate "2015.??.??"]

1. e4 e5 2. Nf3 Nc6 3. d4 exd4 4. Nxd4 Bc5 5. Be3 Qf6 6. Nxc6 Bxe3 7. fxe3 Qxb2
8. Nd2 dxc6 9. Bc4 Qc3 10. Kf2 Nf6 11. h3 Nxe4+ 12. Nxe4 Qxc4 13. Nd2 Qd5 14.
c4 Qd3 15. Rb1 O-O 16. Rb3 Qf5+ 17. Ke2 Be6 18. g4 Qc5 19. Qc2 Rad8 20. Rc3
Rfe8 21. Ne4 Qe5 22. c5 Bxg4+ 23. hxg4 Qxe4 24. Qxe4 Rxe4 25. Kf3 Ra4 26. Rc2
Rd3 27. Rhh2 h6 28. g5 Raa3 29. gxh6 Rxe3+ 30. Kf4 Rf3+ 31. Ke4 f5+ 32. Ke5
Rae3+ 33. Kd4 Re4# 0-1

[Event "111063 12th Rakosmente Open"]
[Site "?"]
[Date "2015.04.18"]
[Round "2.1"]
[White "Sulcz, Istvan"]
[Black "Darazs, Zoltan"]
[Result "0-1"]
[WhiteElo "1951"]
[BlackElo "2179"]
[PlyCount "58"]
[EventDate "2015.??.??"]
[SourceDate "2015.05.26"]

1. d4 Nf6 2. Nf3 g6 3. c4 Bg7 4. Nc3 d5 5. cxd5 Nxd5 6. e4 Nxc3 7. bxc3 c5 8.
Be3 Nc6 9. Rc1 cxd4 10. cxd4 Qa5+ 11. Qd2 Qxd2+ 12. Kxd2 O-O 13. d5 Rd8 14. Ke1
Nb4 15. a3 Na2 16. Rc2 Nc3 17. Nd2 Bd7 18. Bc4 Ba4 19. Rc1 b5 20. Be2 f5 21. f3
a5 22. Nb1 Nxe2 23. Kxe2 fxe4 24. fxe4 b4 25. Rc7 Bb5+ 26. Kd1 e6 27. Bg5 Rd7
28. Rxd7 Bxd7 29. d6 Ra6 0-1

[Event "111063 12th Rakosmente Open"]
[Site "?"]
[Date "2015.04.18"]
[Round "2.2"]
[White "Gubics, Peter"]
[Black "Mako, Zoltan"]
[Result "1-0"]
[WhiteElo "2107"]
[BlackElo "1888"]
[PlyCount "117"]
[EventDate "2015.??.??"]

1. Nf3 Nf6 2. c4 g6 3. g3 Bg7 4. Bg2 d6 5. O-O O-O 6. Nc3 c5 7. d3 Nc6 8. Rb1
Bg4 9. h3 Bd7 10. Kh2 Ne8 11. a3 Nc7 12. Bd2 a5 13. Na4 Ne6 14. e3 Rb8 15. Bc3
Bh6 16. b3 Qc7 17. Ba1 Ng5 18. Nxg5 Bxg5 19. Nc3 Qd8 20. Qd2 f5 21. Nd5 e6 22.
Qc3 e5 23. b4 axb4 24. axb4 cxb4 25. Nxb4 Nxb4 26. Qxb4 Bc6 27. Qb6 f4 28. exf4
exf4 29. Bxc6 bxc6 30. Qxc6 Rxb1 31. Qd5+ Rf7 32. Rxb1 fxg3+ 33. fxg3 Kf8 34.
Bd4 Rf5 35. Qb7 Be7 36. Qa7 Qa5 37. Qxa5 Rxa5 38. Kg2 Ra3 39. Rd1 Kf7 40. Kf3
Rb3 41. Ke4 Ke6 42. Rf1 Ra3 43. g4 Ra5 44. Ra1 d5+ 45. Kf3 Rxa1 46. Bxa1 dxc4
47. dxc4 Bc5 48. Ke4 h5 49. Bd4 Bd6 50. c5 Bg3 51. Be3 Kd7 52. Bf4 Bf2 53. Kd5
Be1 54. c6+ Kc8 55. Ke6 hxg4 56. hxg4 g5 57. Bxg5 Kc7 58. Kd5 Bg3 59. Bf6 1-0

[Event "111063 12th Rakosmente Open"]
[Site "?"]
[Date "2015.04.18"]
[Round "2.3"]
[White "Geher, Laszlo"]
[Black "Palla, Akos Botond"]
[Result "0-1"]
[WhiteElo "1877"]
[BlackElo "2076"]
[PlyCount "48"]

1. e4 c5 2. Nf3 d6 3. d4 cxd4 4. Nxd4 Nf6 5. Nc3 g6 6. Be3 Bg7 7. Be2 Nc6 8.
O-O O-O 9. h3 d5 10. exd5 Nxd5 11. Nxd5 Qxd5 12. Bf3 Qa5 13. Nxc6 bxc6 14. Bxc6
Rb8 15. b3 Rd8 16. Qf3 Bxa1 17. Rxa1 Bf5 18. c4 Rxb3 19. Qf4 Rbd3 20. Bd5 e6
21. Bf3 e5 22. Qh6 e4 23. Bg5 Qe5 24. Be2 Qxa1+ 0-1

[Event "111063 12th Rakosmente Open"]
[Site "?"]
[Date "2015.04.18"]
[Round "2.4"]
[White "Yip, Michael"]
[Black "Safar, Istvan"]
[Result "1-0"]
[WhiteElo "1990"]
[BlackElo "1736"]
[PlyCount "157"]

1. d4 d5 2. c4 c6 3. Nf3 Nf6 4. Nc3 Bg4 5. Ne5 Bh5 6. cxd5 Nxd5 7. g4 Bg6 8.
Bg2 e6 9. h4 f6 10. Nxg6 hxg6 11. Qd3 f5 12. h5 Qf6 13. Nxd5 exd5 14. Bf4 Nd7
15. g5 Qe6 16. Rh3 Kd8 17. Re3 Qf7 18. hxg6 Qxg6 19. O-O-O Qf7 20. g6 Qxg6 21.
Bh3 Rh5 22. Rg3 Qf7 23. Rdg1 g6 24. Rxg6 a5 25. Qf3 Qh7 26. Bg5+ Rxg5 27. R6xg5
Bh6 28. Bxf5 Qe7 29. Qh5 Bxg5+ 30. Rxg5 Kc7 31. Bxd7 Qxd7 32. Qg4 Qe8 33. Rg7+
Kb6 34. Qg3 Ka6 35. Qd3+ b5 36. a4 Rb8 37. e3 Rb6 38. b3 Qf8 39. Qh7 Qb8 40.
Rg8 Qb7 41. axb5+ cxb5 42. Qxb7+ Rxb7 43. Rd8 Rf7 44. Rd6+ Kb7 45. Rxd5 Rxf2
46. Rxb5+ Ka6 47. Rc5 Re2 48. Rc3 Kb5 49. Kd1 Rh2 50. Rc2 Rh3 51. Re2 Kb4 52.
Kc2 Rf3 53. d5 Kc5 54. e4 Kd6 55. e5+ Kxd5 56. e6 Rf8 57. e7 Re8 58. Kc3 Kc5
59. Re5+ Kd6 60. Kd4 Kc6 61. Re6+ Kd7 62. Kd5 Kc7 63. Re4 Kd7 64. Kc5 Rc8+ 65.
Kb6 Ke8 66. Kxa5 Ra8+ 67. Kb4 Rb8+ 68. Kc4 Rc8+ 69. Kd5 Rb8 70. b4 Rb5+ 71. Kc6
Rh5 72. b5 Rh6+ 73. Kc7 Rh1 74. b6 Rc1+ 75. Kb8 Rb1 76. b7 Rb2 77. Re6 Rb1 78.
Kc7 Rc1+ 79. Rc6 1-0

[Event "111063 12th Rakosmente Open"]
[Site "?"]
[Date "2015.04.18"]
[Round "2.5"]
[White "Balla, Attila"]
[Black "Bolyai, Istvan"]
[Result "0-1"]
[WhiteElo "1817"]
[BlackElo "1952"]
[PlyCount "72"]
[EventDate "2015.??.??"]

1. Nf3 d5 2. d3 c5 3. g3 Nc6 4. Bg2 Bg4 5. Nbd2 e5 6. h3 Bh5 7. O-O Nf6 8. e4
d4 9. Qe1 Bd6 10. Nh4 Nb4 11. Nc4 Nxc2 12. Nxd6+ Qxd6 13. Qa5 Nxa1 14. Nf5 Qf8
15. Qc7 Rd8 16. Qxe5+ Kd7 17. Bf4 Rc8 18. g4 h6 19. Rxa1 Bg6 20. Nd6 Rc6 21.
Nxb7 Qe8 22. Nxc5+ Kd8 23. Qb8+ Ke7 24. Qb7+ Kf8 25. e5 Rxc5 26. exf6 Rc2 27.
Bd5 gxf6 28. Qxa7 Kg7 29. Qxd4 Qe2 30. g5 hxg5 31. Bxg5 Rxh3 32. Qxf6+ Kh7 33.
Qf4 Rh5 34. Bh4 Rxd5 35. Kg2 Rxd3 36. Bg3 Qe4+ 0-1

[Event "111063 12th Rakosmente Open"]
[Site "?"]
[Date "2015.04.18"]
[Round "2.6"]
[White "Szoukup, Istvan"]
[Black "Belencsak, Istvan"]
[Result "1-0"]
[WhiteElo "1714"]
[BlackElo "1525"]
[PlyCount "53"]
[EventDate "2015.??.??"]
[SourceDate "2015.06.02"]

1. e4 c5 2. Nf3 d6 3. d4 cxd4 4. Nxd4 Nf6 5. Nc3 a6 6. Be3 e6 7. f3 Nc6 8. Qd2
Bd7 9. O-O-O Rc8 10. g4 h6 11. h4 Ne5 12. b3 b5 13. Be2 Qc7 14. Kb2 b4 15. Nb1
d5 16. g5 hxg5 17. hxg5 Nh7 18. f4 Ng6 19. f5 e5 20. fxg6 exd4 21. Rxh7 dxe3
22. Qxd5 Qxc2+ 23. Ka1 Be6 24. gxf7+ Ke7 25. Qd6+ Kxf7 26. Rf1+ Kg8 27. Qxe6+
1-0

[Event "111063 12th Rakosmente Open"]
[Site "?"]
[Date "2015.04.18"]
[Round "2.7"]
[White "Vona, Zsolt"]
[Black "Timko, Gyula"]
[Result "0-1"]
[WhiteElo "1294"]
[BlackElo "1625"]
[PlyCount "62"]
[EventDate "2015.??.??"]

1. e4 g6 2. d4 Bg7 3. Nf3 a6 4. c4 d6 5. Nc3 Bg4 6. Be3 Nc6 7. Be2 Nh6 8. Qd2
Ng8 9. Rd1 Nf6 10. Bh6 O-O 11. Bxg7 Kxg7 12. h3 Bd7 13. e5 Ne8 14. O-O Na7 15.
Nh4 e6 16. Nf3 Rb8 17. a4 b5 18. cxb5 axb5 19. axb5 Nxb5 20. Nxb5 Bxb5 21. Bxb5
Rxb5 22. b4 Qb8 23. Rb1 h6 24. g4 Qb7 25. Qc3 c5 26. exd6 cxb4 27. Qe3 Nxd6 28.
Qe5+ Rxe5 29. Nxe5 Rc8 30. Rfc1 Rxc1+ 31. Rxc1 b3 0-1

[Event "111063 12th Rakosmente Open"]
[Site "?"]
[Date "2015.04.18"]
[Round "2.8"]
[White "Olah, Laszlo Istvan"]
[Black "Wallis, Janos"]
[Result "1-0"]
[WhiteElo "1616"]
[BlackElo "1355"]
[PlyCount "65"]
[EventDate "2015.??.??"]
[SourceDate "2015.06.08"]

1. e4 e5 2. Nf3 Nc6 3. Bb5 Nf6 4. O-O Nxe4 5. d4 Nd6 6. Bxc6 dxc6 7. dxe5 Nf5
8. Qxd8+ Kxd8 9. Nc3 Ke8 10. h3 Be6 11. Bf4 Bc5 12. Rad1 h6 13. Ne4 Bb6 14. b3
Ke7 15. g4 Nh4 16. Nxh4 g5 17. Nxg5 hxg5 18. Bxg5+ Ke8 19. Rd3 c5 20. Rfd1 c6
21. c4 Bc7 22. f4 b5 23. Bf6 Rh7 24. Nf5 Bxf5 25. gxf5 bxc4 26. bxc4 Rh5 27.
Rd7 Bb6 28. Re7+ Kf8 29. Rdd7 Rh7 30. e6 Re8 31. Rxf7+ Rxf7 32. Rxf7+ Kg8 33.
Rg7+ 1-0

[Event "111063 12th Rakosmente Open"]
[Site "?"]
[Date "2015.04.18"]
[Round "2.10"]
[White "Geher, Koppany"]
[Black "Geher, Bottyan"]
[Result "1-0"]
[WhiteElo "1575"]
[BlackElo "1084"]
[PlyCount "65"]
[EventDate "2015.??.??"]

1. e4 e5 2. Nf3 Nc6 3. Bb5 Nf6 4. d3 a6 5. Bxc6 dxc6 6. Nxe5 Bd6 7. Nf3 Bg4 8.
h3 Bh5 9. O-O O-O 10. Re1 Re8 11. Nbd2 b5 12. c3 c5 13. Qc2 c6 14. e5 Bxf3 15.
Nxf3 Bxe5 16. Rxe5 Rxe5 17. Nxe5 Qd6 18. Nf3 Re8 19. Be3 Nd5 20. Re1 c4 21. d4
Nxe3 22. Rxe3 Rxe3 23. fxe3 g6 24. Qf2 h6 25. Ne5 Qe6 26. Qf3 c5 27. Qxf7+ Qxf7
28. Nxf7 cxd4 29. Nxh6+ Kh7 30. exd4 Kxh6 31. Kf2 g5 32. Kf3 Kg6 33. g4 1-0

[Event "111063 12th Rakosmente Open"]
[Site "?"]
[Date "2015.04.18"]
[Round "3.1"]
[White "Darazs, Zoltan"]
[Black "Yip, Michael"]
[Result "1-0"]
[WhiteElo "2179"]
[BlackElo "1990"]
[PlyCount "97"]
[EventDate "2015.??.??"]

1. e4 d5 2. exd5 Qxd5 3. c4 Qd8 4. d4 Nf6 5. Nc3 c6 6. Be2 e6 7. Nf3 Be7 8. O-O
O-O 9. Be3 b6 10. Ne5 Bb7 11. Bf3 Qc8 12. Qc2 Rd8 13. Rad1 Nbd7 14. Nxd7 Rxd7
15. Rd2 Qc7 16. Rfd1 Rad8 17. h3 Qb8 18. c5 Re8 19. cxb6 axb6 20. Qb3 Ba8 21.
Na4 Ra7 22. Rc1 Nd5 23. Nc3 Rd8 24. Nxd5 exd5 25. a3 Bd6 26. Qd3 Re8 27. Bd1
Qd8 28. Bc2 g6 29. Re2 Re6 30. Rce1 Bb7 31. Bh6 Bc8 32. Rxe6 Bxe6 33. Qe3 Be7
34. Bf4 Bf6 35. Be5 Kg7 36. f4 Bxe5 37. Qxe5+ Qf6 38. g4 Qxe5 39. Rxe5 h6 40.
Kf2 Bd7 41. Kg3 Kf8 42. h4 f6 43. Re3 Kf7 44. g5 Ra8 45. h5 fxg5 46. hxg6+ Kf6
47. fxg5+ Kxg5 48. Re7 Bf5 49. Re5 1-0

[Event "111063 12th Rakosmente Open"]
[Site "?"]
[Date "2015.04.18"]
[Round "3.2"]
[White "Palla, Akos Botond"]
[Black "Darazs, Zoltan"]
[Result "0-1"]
[WhiteElo "2076"]
[BlackElo "2179"]
[PlyCount "92"]
[EventDate "2015.??.??"]

1. e4 e6 2. d4 d5 3. Nc3 Nf6 4. e5 Nfd7 5. f4 c5 6. Nf3 Nc6 7. Be3 cxd4 8. Nxd4
Bc5 9. Qd2 O-O 10. O-O-O Qe7 11. Nb3 Bxe3 12. Qxe3 f6 13. exf6 Rxf6 14. g4 Nb6
15. Bg2 Qb4 16. Ne2 Nc4 17. Qd3 Qb6 18. g5 Rf7 19. g6 hxg6 20. c3 a5 21. Qc2
Ne3 22. Qxg6 Nxd1 23. Rxd1 Qe3+ 24. Rd2 a4 25. Na1 Bd7 26. Nc2 Qc5 27. h4 Rf6
28. Qg3 Be8 29. Ned4 Nxd4 30. Nxd4 Rg6 31. Qf3 Rc8 32. f5 exf5 33. Qxf5 Bf7 34.
Kc2 Rf6 35. Qg5 Bg6+ 36. Kd1 Be4 37. Bh3 Rcf8 38. Ke1 Qc4 39. Qg1 Qxa2 40. Ne6
Rg6 41. Qc5 Re8 42. h5 Rf6 43. Qc7 Rf7 44. Qe5 Qb1+ 45. Ke2 Qg1 46. Rd1 Qf2#
0-1

[Event "111063 12th Rakosmente Open"]
[Site "?"]
[Date "2015.04.18"]
[Round "3.3"]
[White "Bolyai, Istvan"]
[Black "Sulcz, Istvan"]
[Result "0-1"]
[WhiteElo "1952"]
[BlackElo "1951"]
[PlyCount "120"]
[EventDate "2015.??.??"]

1. e4 c5 2. Nf3 Nc6 3. Be2 g6 4. c3 d5 5. exd5 Qxd5 6. O-O Bg7 7. Na3 Nf6 8.
Nb5 Qd8 9. d3 a6 10. Na3 O-O 11. Be3 b6 12. Qc1 Bb7 13. Rd1 Nd5 14. Bh6 Re8 15.
Bxg7 Kxg7 16. d4 cxd4 17. Nxd4 Nxd4 18. Rxd4 e5 19. Rd1 Qf6 20. Bf1 Nf4 21. Qe3
Bxg2 22. Bxg2 Qg5 23. Qe4 f5 24. Qb7+ Re7 25. Qxe7+ Qxe7 26. Bxa8 Qg5+ 27. Kf1
e4 28. Rd7+ Kh6 29. Rad1 Qg2+ 30. Ke1 Qg1+ 31. Kd2 Qxf2+ 32. Kc1 Nd3+ 33. R7xd3
exd3 34. Rd2 Qe1+ 35. Rd1 Qe3+ 36. Kb1 f4 37. Bb7 Qe2 38. Kc1 f3 39. Bxa6 d2+
40. Rxd2 Qxa6 41. Rf2 Qd3 42. Nc2 g5 43. h3 Kg6 44. a3 h5 45. Rd2 Qf1+ 46. Rd1
Qxh3 47. Ne3 g4 48. Rf1 Kg5 49. Kd2 Qh2+ 50. Kd3 Qe2+ 51. Ke4 Qxb2 52. Nd5 Qe2+
53. Ne3 h4 54. Rd1 g3 55. Rd5+ Kg6 56. Rd6+ Kf7 57. Rd7+ Ke8 58. Rh7 f2 59. Kd4
f1=Q 60. Rh8+ Kf7 0-1

[Event "111063 12th Rakosmente Open"]
[Site "?"]
[Date "2015.04.18"]
[Round "3.4"]
[White "Mako, Zoltan"]
[Black "Szoukup, Istvan"]
[Result "1/2-1/2"]
[WhiteElo "1888"]
[BlackElo "1714"]
[PlyCount "120"]
[EventDate "2015.??.??"]

1. e4 e5 2. Nf3 Nc6 3. Bb5 Nf6 4. O-O Nxe4 5. Re1 Nd6 6. Nxe5 Nxe5 7. Rxe5+ Be7
8. Ba4 O-O 9. d4 Bf6 10. Re1 Re8 11. c3 Rxe1+ 12. Qxe1 Qe8 13. Qxe8+ Nxe8 14.
Bf4 c6 15. Nd2 d5 16. Bc2 Be6 17. Re1 g6 18. Nf3 Ng7 19. Ng5 Bd7 20. Nf3 Re8
21. Kf1 Rxe1+ 22. Kxe1 Bf5 23. Bd1 Bb1 24. a3 Ne6 25. Bb8 a6 26. Be2 Be4 27. g3
Bg7 28. Nd2 Bc2 29. Nf1 Nxd4 30. cxd4 Bxd4 31. Ne3 Bb3 32. Nd1 a5 33. Nc3 b5
34. Bd6 f5 35. f3 Kf7 36. Bf4 b4 37. axb4 axb4 38. Nd1 Bxd1 39. Kxd1 Bxb2 40.
Kc2 Bd4 41. Bc7 c5 42. Ba6 h5 43. h3 c4 44. Ba5 b3+ 45. Kd2 Be3+ 46. Kc3 Bf2
47. Bc7 Bd4+ 48. Kd2 c3+ 49. Kd3 c2 50. Bf4 Be5 51. Bc1 Bxg3 52. Kc3 Kf6 53.
Kxb3 g5 54. Kxc2 g4 55. fxg4 fxg4 56. Bf1 gxh3 57. Bxh3 Ke5 58. Kd3 Bf4 59.
Bb2+ Kd6 60. Bf6 Be5 1/2-1/2

[Event "111063 12th Rakosmente Open"]
[Site "?"]
[Date "2015.04.18"]
[Round "3.5"]
[White "Timko, Gyula"]
[Black "Geher, Laszlo"]
[Result "1/2-1/2"]
[WhiteElo "1625"]
[BlackElo "1877"]
[PlyCount "78"]
[EventDate "2015.??.??"]

1. d4 Nf6 2. Nf3 g6 3. Bg5 Bg7 4. Nbd2 d6 5. h3 O-O 6. e3 Nbd7 7. Bc4 c5 8. c3
a6 9. a4 Rb8 10. Qe2 d5 11. Bd3 c4 12. Bc2 b5 13. b4 a5 14. Bf4 Rb7 15. Rb1
axb4 16. Rxb4 bxa4 17. Rxa4 Rb2 18. Qd1 Qb6 19. O-O Bb7 20. e4 e6 21. Re1 Ra8
22. exd5 exd5 23. Ne5 Nxe5 24. Bxe5 Rxa4 25. Bxa4 Qa5 26. Qc1 Rxd2 27. Qxd2
Qxa4 28. Qb2 Qd7 29. Rb1 Bc6 30. Bf4 h5 31. Ra1 Ne4 32. f3 Nd6 33. Qb8+ Ne8 34.
Ra7 Qe6 35. Kf2 Kh7 36. Ra6 Qd7 37. Ra7 Qe6 38. Ra6 Qd7 39. Ra7 Qe6 1/2-1/2

[Event "111063 12th Rakosmente Open"]
[Site "?"]
[Date "2015.04.18"]
[Round "3.6"]
[White "Lakatos, Tamas"]
[Black "Balla, Attila"]
[Result "0-1"]
[WhiteElo "1615"]
[BlackElo "1817"]
[PlyCount "106"]
[EventDate "2015.??.??"]

1. e4 e5 2. Nf3 Nc6 3. Bb5 a6 4. Bxc6 dxc6 5. Nc3 f6 6. d4 Bg4 7. dxe5 Qxd1+ 8.
Nxd1 Bxf3 9. gxf3 fxe5 10. f4 exf4 11. Bxf4 O-O-O 12. f3 Bd6 13. Bxd6 cxd6 14.
Ne3 g6 15. Kf2 Nf6 16. Rad1 Rhf8 17. Ke2 Nh5 18. Ng2 Kc7 19. c4 Rf7 20. Rd3 Nf6
21. Rhd1 Re7 22. Kf2 Re5 23. a3 Rf8 24. Kg1 Ne8 25. Re1 Nf6 26. Red1 Ne8 27.
Re1 g5 28. Ne3 Ng7 29. Red1 Re6 30. c5 Rd8 31. Nc4 Ne8 32. cxd6+ Nxd6 33. Nxd6
Rexd6 34. Rxd6 Rxd6 35. Rxd6 Kxd6 36. Kf2 c5 37. Ke3 Ke5 38. Kd3 b5 39. b3 h5
40. h3 Kf4 41. a4 Ke5 42. axb5 axb5 43. Ke3 c4 44. b4 h4 45. Kd2 Kd4 46. Kd1 c3
47. Kc2 Kc4 48. e5 Kd5 49. e6 Kxe6 50. Kxc3 Kf5 51. Kd4 Kf4 52. Kc5 Kxf3 53.
Kxb5 g4 0-1

[Event "111063 12th Rakosmente Open"]
[Site "?"]
[Date "2015.04.18"]
[Round "3.7"]
[White "Safar, Istvan"]
[Black "Olah, Laszlo Istvan"]
[Result "1/2-1/2"]
[WhiteElo "1736"]
[BlackElo "1616"]
[PlyCount "100"]
[EventDate "2015.??.??"]
[SourceDate "2015.06.10"]

1. d4 Nf6 2. g3 g6 3. Bg2 Bg7 4. Nf3 O-O 5. O-O d6 6. Re1 Nc6 7. c3 Re8 8. e4
Bg4 9. Nbd2 e5 10. d5 Ne7 11. Qb3 Rb8 12. Qc2 c6 13. c4 cxd5 14. cxd5 Rc8 15.
Qb3 Rc7 16. Nc4 Qc8 17. Nxd6 Qd7 18. Nxe8 Nxe8 19. Bd2 Nd6 20. Bc3 Bxf3 21.
Bxf3 Nec8 22. Qd1 h5 23. Qd2 Nb6 24. Qg5 Nbc4 25. b3 Nb5 26. Rac1 Nxc3 27. Rxc3
Nd6 28. Rxc7 Qxc7 29. Rc1 Qa5 30. a4 Kh7 31. Qe3 Bh6 32. Qc3 Qb6 33. Rc2 Bg7
34. Kg2 f5 35. Re2 Qa6 36. Re1 Qb6 37. Qc2 Qb4 38. exf5 Qxe1 39. fxg6+ Kh6 40.
h4 e4 41. Be2 Qc3 42. Qd1 Qd4 43. Qc1+ Kxg6 44. Qg5+ Kf7 45. Bxh5+ Kg8 46. Qd8+
Bf8 47. Qg5+ Bg7 48. Bg4 Qf6 49. Be6+ Kf8 50. Qe3 b6 1/2-1/2